| 000 | 00923nam a2200253 a 4500 | ||
|---|---|---|---|
| 001 | 79711 | ||
| 003 | BD-RjUL | ||
| 005 | 20220418105754.0 | ||
| 008 | 220418s1874 enkaf 000 0aeng d | ||
| 035 | _a(BD-RjUL)79711 | ||
| 040 |
_aABC _cABC _dm.c _dUEJ _dBD-RjUL _beng |
||
| 041 | _aeng | ||
| 082 |
_223 _a823 _bDIA 1874 |
||
| 100 | 1 |
_aDickens, Charles, _d1812-1870. _92265 |
|
| 245 | 1 | 0 |
_aAmerican notes for general circulation : _band, Pictures from Italy / _cby Charles Dickens ; with illustrations by Marcus Stone. |
| 260 |
_aLondon : _bChapman & Hall, _c[1874?] |
||
| 300 |
_aviii, 506 p., [8] leaves of plates : _bill. ; _c23 cm. |
||
| 650 |
_aNovelists, English _92519 |
||
| 651 | 0 |
_aUnited States _xDescription and travel. _vFiction _92516 |
|
| 651 | 0 |
_aUnited States _xSocial life and customs. _92517 |
|
| 651 | 0 |
_aItaly _xDescription and travel. _92518 |
|
| 700 | 1 |
_aStone, Marcus, _d1840-1921. _92475 |
|
| 942 |
_2ddc _cBK |
||
| 999 |
_c79711 _d79711 |
||